000
00344nam a2200157Ia 4500
100
_a
Singal/T.L
650
_a
Wireless communication
942
_c
BK
366
_f
25
654
_a
wireless
245
_a
Wireless communication
260
_b
Mc Graw Hill
_c
2010
082
_a
621.382
_b
SIN
300
_a
669
546
_a
ENGLISH
_c
PAMPHALETS
999
_c
32976
_d
32976